Health insurance for the poor? determinants of participation in community-based health insurance schemes in rural Senegal
Uložené v:
| Hlavný autor: | |
|---|---|
| Médium: | Kniha |
| Jazyk: | English |
| Vydavateľské údaje: |
Paris
OECD
2003
|
| Edícia: | Technical papers
No. 204 |
| Predmet: | |
| Tagy: |
Žiadne tagy, Buďte prvý, kto otaguje tento záznam!
|
MARC
| LEADER | 00000nam$a2200000$$$4500 | ||
|---|---|---|---|
| 001 | 0024060 | ||
| 005 | 20240223110149.1 | ||
| 041 | 0 | |a eng | |
| 044 | |a FR | ||
| 245 | 1 | 0 | |a Health insurance for the poor? |b determinants of participation in community-based health insurance schemes in rural Senegal |c by Johannes Jütting |
| 264 | 1 | |a Paris |b OECD |c 2003 | |
| 300 | |a 32 s. | ||
| 490 | 1 | |a Technical papers |v No. 204 | |
| 830 | 0 | |a Technical papers |v No. 204 | |
| 610 | 2 | 0 | |a poistenie zdravotné |
| 610 | 2 | 0 | |a chudoba |
| 610 | 2 | 0 | |a zdravotníctvo |
| 610 | 2 | 0 | |a Senegal |
| 100 | 1 | |a Jütting, Johannes | |